000 00333 a2200145 4500
020 _a2-04-012010-6
040 _aISPLB
082 _a72
_b72
100 _91191
_aMASSU ,Claude
245 _aL architecture de l lecole de Chicago
260 _aParis ,
_bBordas
_c1981.
300 _a163p
650 _aArquitectura
942 _cLivros
999 _c2364
_d2364